Central Library OPAC University of Rajshahi

Military history of India / (Record no. 6173)

MARC details
000 -LEADER
fixed length control field 00653nam a2200229 c 4500
001 - CONTROL NUMBER
control field 6173
003 - CONTROL NUMBER IDENTIFIER
rucl marc code BD-RjUL
005 - DATE AND TIME OF LATEST TRANSACTION
control field 20211208234210.0
008 - FIXED-LENGTH DATA ELEMENTS--GENERAL INFORMATION
fixed length control field 090114c19601960ii ab 00110 eng d
035 ## - SYSTEM CONTROL NUMBER
System control number (BD-RjUL) 6212
System control number (BD-RjUL)
040 ## - CATALOGING SOURCE
Original cataloging agency ANL
Transcribing agency ANL
Language of cataloging eng
Modifying agency (BD-RjUL)
041 ## - LANGUAGE CODE
Language code of text/sound track or separate title eng
082 ## - DEWEY DECIMAL CLASSIFICATION NUMBER
Classification number 355.0954
Author mark and year SAM 1960
100 10 - MAIN ENTRY--PERSONAL NAME
Personal name Sarkar, Jadunath,
Dates associated with a name 1870-1958.
9 (RLIN) 19419
245 10 - TITLE STATEMENT
Title Military history of India /
Statement of responsibility, etc. Sir Jadunath Sarkar.
260 0# - PUBLICATION, DISTRIBUTION, ETC. (IMPRINT)
Place of publication, distribution, etc. Bombay [India] :
Name of publisher, distributor, etc. Orient Longmans,
Date of publication, distribution, etc. c1960.
300 ## - PHYSICAL DESCRIPTION
Pagination 179 p. :
Illustrations ill.
Size 22 cm.
500 ## - GENERAL NOTE
General note Includes index.
651 #0 - SUBJECT ADDED ENTRY--GEOGRAPHIC NAME
Geographic name India
General subdivision History, Military.
9 (RLIN) 18936
942 ## - ADDED ENTRY ELEMENTS (KOHA)
Source of classification or shelving scheme Dewey Decimal Classification
Koha item type Books
Holdings
Lost status Source of classification or shelving scheme Damaged status Not for loan Collection code Permanent Location Current Location Date acquired Source of acquisition Cost, normal purchase price Total Checkouts Full call number Date last seen Copy number Koha item type Shelving location
  Dewey Decimal Classification     Non-fiction Central Library, University of Rajshahi Central Library, University of Rajshahi 09/01/1984 Zeitlinger 18.00   355.0954 SAM 1960 09/01/2014 C-2 Books  
  Dewey Decimal Classification     Non-fiction Central Library, University of Rajshahi Central Library, University of Rajshahi 09/01/1984 Zeitlinger 18.00   355.0954 SAM 1960 17/08/2016 C-3 Books  
  Dewey Decimal Classification     Non-fiction Central Library, University of Rajshahi Central Library, University of Rajshahi 09/01/1984 Zeitlinger 18.00   355.0954 SAM 1960 17/08/2016 C-4 Books